000 00783nas a2200265 4500
001 BR9213351
003 BR-BrBNA
005 20231205095249.0
007 ta
008 230509b bl.|||p| |||| 00| 00por d
040 _aBR-BrBNA
_bpor
_cBiblioteca Nacional de Agricultura
041 _a(Pt)
072 _aQ03
100 1 _aCamargo, C.R.O.
100 1 _aFonseca, H.
100 1 _aCiacco, C.F.
245 1 _aEfeito das condicoes de extrusao na degradacao da aflatoxina em farinha de arroz
650 _aFarinha
650 _aArroz
650 _aAflatoxina
650 _aExtrusao
773 0 _tCiencia e Tecnologia de Alimentos (Brazil)
_xISSN 0101-2061
_g(Jul-Dec 1989), v. 9(2) p. 187-200
_wBR9213351
909 _a202311
_bLúcia
_c55
_dLúcia Elande
942 _2AGRIS
_n0
_cANA
999 _c149679
_d149679